000 00350nam a22001337a 4500
082 _a158
_bPEA/P
100 _aPEALE, NORMAN VINCENT
245 _aTHE POWER OF POSITIVE THINKING
246 _aTHE POWER OF POSITIVE THINKING
_bTHE POWER OF POSITIVE THINKING
260 _aNEW DELHI
_bM G BOOKS
300 _a238
650 _aMOTIVATIONAL
942 _cBK
999 _c9183
_d9183